Tänä päivänä Suomen historiassa - lokakuu - Statistics

Yleistilastot
  • Tätä visaa on pelattu 93 kertaa
  • Keskiarvotulos 17 / 31
Vastaustilastot
Päivämäärä Vuosi Vihje Vastaus % Oikein
5.10. 1951 Tämä liikenteenohjauslaite otetaan ensimmäistä kertaa käyttöön Suomessa Liikennevalot
88%
21.10. 2007 Tämä kuljettaja voittaa F1-maailmanmestaruuden kolmantena suomalaisena kautta aikain Kimi Räikkönen
86%
3.10. 1979 Tämän tekstiiliyhtiön perustaja Armi Ratia kuolee Marimekko
85%
10.10. 1834 Tämä Suomen kansalliskirjailija syntyy Aleksis Kivi
82%
2.10. 1606 Tämä Pohjanmaan kaupunki perustetaan Vaasa
81%
22.10. 1911 Suomi pelaa historiansa ensimmäisen jalkapallomaaottelun tätä maata vastaan Ruotsi
78%
20.10. 1921 Kansainliitto vahvistaa tämän alueen aseman puoleettomana ja demilitarisoituna vyöhykkeenä Ahvenanmaa
74%
13.10. 1967 Tämä sittemmin presidentiksi valittu poliitikko nimitetään Suomen Pankin pääjohtajaksi Mauno Koivisto
74%
26.10. 1964 Tämä "Sukkula Venukseen" ja "Mä haluun viihdyttää"-kappaleista tunnettu laulajatar syntyy Kikka
72%
11.10. 2002 Kotitekoinen pommi räjähtää tässä vantaalaisessa kauppakeskuksessa, surmaten seitsemän ihmistä Myyrmanni
65%
15.10. 2003 Tämä Yleisradion uutisankkuri ja "Suomen luotettavin mies" jää eläkkeelle Arvi Lind
64%
16.10. 1994 Suomessa järjestetään tällainen EU-jäsenyyteen liittyen Kansanäänestys
62%
1.10. 1941 Suomi miehittää tämän kaupungin ja nimeää sen Äänislinnaksi Petroskoi
60%
23.10. 1948 Eduskunta hyväksyy esityksen tämän tiedustelupalvelun perustamisesta Suojeulupoliisi
60%
7.10. 1986 Tämä yksi kaikkien aikojen suosituimmista suomalaisyhtyeistä hajoaa Dingo
59%
9.10. 1932 Tämä nimeään kantavan leipomoyhtiön perustanut kauppaneuvos kuolee Karl Fazer
54%
18.10. 1965 Tämä kolmessa armeijassa palvellut upseeri ja Mannerheim-ristin ritari kuolee helikopterionnettomuudessa Vietnamissa Lauri Törni
53%
27.10. 1887 Tämä arkkiatri ja suomalaisen neuvolajärjestelmän isä syntyy Arvo Ylppö
49%
25.10. 1868 Tämä ortodoksinen katedraali vihitään käyttöön Helsingissä Uspenskin katedraali
49%
30.10. 1961 Tämä diplomaattinen kriisi alkaa Neuvostoliiton vaatiessa yhteisiä sotaharjoituksia Suomen kanssa Noottikriisi
46%
17.10. 1958 Postisäästöpankissa käynnistetään ensimmäistä kertaa Suomessa tällainen laite Tietokone
46%
14.10. 1930 Presidentti K.J. Ståhlberg puolisoineen siepataan ja kyyditetään tähän kaupunkiin Joensuu
42%
19.10. 1944 Tämä ystävyysseura perustetaan Suomi-Neuvostoliitto-Seura
40%
29.10. 1990 Tämä yksi Suomen tuotteliaimmista sanoittajista kuolee Juha "Watt" Vainio
38%
24.10. 1964 Tämä Kolmas nainen-yhtyeestä tunnettu laulaja-lauluntekijä syntyy Pauli Hanhiniemi
33%
8.10. 1973 Tämä Aku Ankka-sarjakuvien piirtäjä ja käsikirjoittaja syntyy Kari Korhonen
32%
4.10. 2009 Tämä Havukka-ahon ajattelija -teoksesta tunnettu kirjailija kuolee Veikko Huovinen
32%
12.10. 1810 Tämä suomalaisen kansakoulun isänä pidetty pappi syntyy Uno Cygnaeus
31%
28.10. 1976 Tällä lempinimellä sotien aikana tunnettu upseeri Aarne Juutilainen kuolee Marokon kauhu
27%
31.10. 1972 Presidentti Urho Kekkosen ja Neuvostoliiton johdon välinen keskustelumuistio vuodetaan julkisuuteen tässä skandaalissa Zavidovo-vuoto
15%
6.10. 1947 Tämä klassisen musiikin säveltäjä ja kapellimestari kuolee Leevi Madetoja
8%
Ehtoja vastaavia visoja ei löytynyt
Tulosjakauma
Jokaisen tuloksen saaneiden osuus
Persentiili vastausten määrän mukaan
Tuloshistoriasi
Et ole pelannut tätä visaa